000
00261nam a2200097Ia 4500
001
683716
005
20250826161444.0
008
250824s9999 xx 000 0 und d
245
0
_a
PEYGAMBERİMİZİN ÖRNEK AHLAKI
_c
HAYREDDİN KARAMAN
260
_b
TİMAŞ YAYINLARI
999
_c
683716
_d
683716